000 00513nam a2200181Ia 4500
005 20250508150707.0
008 008 250505s9999 xx 000 0 eng d
037 _aReference
040 _aFEDL
_beng
_cFEDL
041 _aeng
_2eng
084 _a001.422, TRE
_qFEDL
100 _aTreloar Alan E
_9757391
245 0 _aRandom sampling distributions
260 _aMinneapolis, USA
_bBurgess Publishing Company
_c1947
300 _a94p
942 _cREF
_h001.422, TRE
999 _c1325093
_d1325093